000 00434nam a2200181Ia 4500
005 20240823032118.0
008 240823s9999||||xx |||||||||||||| ||und||
041 _aENGLISH
082 _A302.346 Q1
100 _aKamala Kanthasamy S
245 0 _aEpozhuthum Vettri Tharum Pesukkalai!
250 _a1st
260 _c2011
_b"Narmata,Chennai"
500 _aYES
650 _aTamil Book
_bGeneral
942 _cBK
999 _c192674
_d192674